<?xml version="1.0" encoding="UTF-8"?>
<record
    xmlns:xsi="http://www.w3.org/2001/XMLSchema-instance"
    xsi:schemaLocation="http://www.loc.gov/MARC21/slim http://www.loc.gov/standards/marcxml/schema/MARC21slim.xsd"
    xmlns="http://www.loc.gov/MARC21/slim">

  <leader>01030namaa22002291  4500</leader>
  <controlfield tag="001">174206</controlfield>
  <controlfield tag="003">ES-MaACL</controlfield>
  <controlfield tag="005">20250907063130.0</controlfield>
  <controlfield tag="008">100303s1912    sp      r    |||| | spa d</controlfield>
  <datafield tag="080" ind1=" " ind2=" ">
    <subfield code="a">599</subfield>
  </datafield>
  <datafield tag="100" ind1="1" ind2=" ">
    <subfield code="a">Cabrera, &#xC1;ngel, </subfield>
    <subfield code="d">1879-1960</subfield>
    <subfield code="9">33276</subfield>
  </datafield>
  <datafield tag="245" ind1="1" ind2="3">
    <subfield code="a">El concepto de tipo en zoolog&#xED;a y los tipos de mam&#xED;feros del Museo de Ciencia Naturales / </subfield>
    <subfield code="c">por Angel Cabrera.</subfield>
  </datafield>
  <datafield tag="260" ind1=" " ind2=" ">
    <subfield code="a">Madrid : </subfield>
    <subfield code="b">Junta para Ampliaci&#xF3;n de Estudios e Investigaciones Cient&#xED;ficas, Instituto Nacional de Ciencias F&#xED;sico-Naturales, </subfield>
    <subfield code="c">1912.</subfield>
  </datafield>
  <datafield tag="300" ind1=" " ind2=" ">
    <subfield code="a">32 p. ; </subfield>
    <subfield code="c">23 cm.</subfield>
  </datafield>
  <datafield tag="490" ind1="1" ind2=" ">
    <subfield code="a">Trabajos del Museo de Ciencias Naturales. Serie zool&#xF3;gica ; </subfield>
    <subfield code="v">1</subfield>
  </datafield>
  <datafield tag="650" ind1="0" ind2="4">
    <subfield code="a">Animales-</subfield>
    <subfield code="x">Clasificaci&#xF3;n.</subfield>
    <subfield code="9">9832</subfield>
  </datafield>
  <datafield tag="650" ind1=" " ind2="4">
    <subfield code="a">Mam&#xED;feros.</subfield>
    <subfield code="9">136454</subfield>
  </datafield>
  <datafield tag="710" ind1="2" ind2=" ">
    <subfield code="a">Junta para la Ampliaci&#xF3;n de Estudios e Investigaciones Cient&#xED;ficas.</subfield>
    <subfield code="9">5413</subfield>
  </datafield>
  <datafield tag="830" ind1="0" ind2="0">
    <subfield code="a">Trabajos del Museo Nacional de Ciencias Naturales. </subfield>
    <subfield code="p">Serie zool&#xF3;gica</subfield>
    <subfield code="v">1</subfield>
    <subfield code="9">189348</subfield>
  </datafield>
  <datafield tag="852" ind1=" " ind2=" ">
    <subfield code="a">ES-MaACL-13146(1) </subfield>
    <subfield code="z">.- Encuadernado con otras obras</subfield>
  </datafield>
  <datafield tag="999" ind1=" " ind2=" ">
    <subfield code="c">174206</subfield>
    <subfield code="d">174206</subfield>
  </datafield>
  <datafield tag="952" ind1=" " ind2=" ">
    <subfield code="0">0</subfield>
    <subfield code="1">0</subfield>
    <subfield code="4">0</subfield>
    <subfield code="7">0</subfield>
    <subfield code="a">ATENEOM</subfield>
    <subfield code="b">ATENEOM</subfield>
    <subfield code="c">SPB</subfield>
    <subfield code="d">2010-03-03</subfield>
    <subfield code="e">SC</subfield>
    <subfield code="l">0</subfield>
    <subfield code="o">B-13146(1)</subfield>
    <subfield code="p">1182857</subfield>
    <subfield code="r">2023-02-23 00:00:00</subfield>
    <subfield code="w">2023-02-23</subfield>
    <subfield code="y">MONOGRAFIA</subfield>
  </datafield>
</record>
